<?xml version="1.0" encoding="UTF-8"?><?xml-stylesheet type="text/xsl" href="static/style.xsl"?><OAI-PMH xmlns="http://www.openarchives.org/OAI/2.0/" xmlns:xsi="http://www.w3.org/2001/XMLSchema-instance" xsi:schemaLocation="http://www.openarchives.org/OAI/2.0/ http://www.openarchives.org/OAI/2.0/OAI-PMH.xsd"><responseDate>2026-04-18T07:43:12Z</responseDate><request verb="GetRecord" identifier="oai:www.recercat.cat:20.500.12328/880" metadataPrefix="marc">https://recercat.cat/oai/request</request><GetRecord><record><header><identifier>oai:recercat.cat:20.500.12328/880</identifier><datestamp>2025-05-19T19:01:30Z</datestamp><setSpec>com_2072_67741</setSpec><setSpec>col_2072_484355</setSpec></header><metadata><record xmlns="http://www.loc.gov/MARC21/slim" xmlns:dcterms="http://purl.org/dc/terms/" xmlns:xsi="http://www.w3.org/2001/XMLSchema-instance" xmlns:doc="http://www.lyncode.com/xoai" xsi:schemaLocation="http://www.loc.gov/MARC21/slim http://www.loc.gov/standards/marcxml/schema/MARC21slim.xsd">
   <leader>00925njm 22002777a 4500</leader>
   <datafield ind2=" " ind1=" " tag="042">
      <subfield code="a">dc</subfield>
   </datafield>
   <datafield ind2=" " ind1=" " tag="260">
      <subfield code="c">2015-07-20</subfield>
   </datafield>
   <datafield ind2=" " ind1=" " tag="520">
      <subfield code="a">Introducción: el envejecimiento de la demografía mundial es un hecho inédito en la historia. En España los índices de ancianidad se encuentran cerca del 17%. A esto hay que sumarle el crecimiento imparable de las personas de más edad, las de 80 y más años. En esta etapa de la vida la prevalencia e incidencia de la enfermedad es superior al resto, y con ello lo son también los índices de cronicidad, incapacidad y dependencia. Objetivo: explorar cómo es percibida la vejez en primera persona, más concretamente cómo es percibida la pérdida de autonomía y la dependencia por personas mayores de 65 años. Metodología: estudio transversal descriptivo de tipo mixto. Para ello, se han analizado cuantitativamente 40 entrevistas realizadas por alumnos de 3º de Enfermería de la Universidad Internacional de Cataluña (UIC) a personas mayores de 65 años, y cualitativamente, 10 de ellas. Resultados: un 23% de las personas entrevistadas muestran pérdida de autonomía para las Actividades de la Vida Diaria (AVD). Así mismo, el 78% de las personas ancianas con pérdida de autonomía, sólo necesitan de una ayuda parcial en su día a día, mientras que un 22% necesitan de una ayuda total. El 55% de personas ancianas con pérdida de autonomía muestran una percepción negativa de la vejez y de la salud, pero un 44,5% muestran una percepción positiva a pesar de padecer una pérdida de autonomía. También, se han identificado diversas categorías que afectan de forma directa en una pérdida de autonomía: antecedentes personales, cambios físicos, cambios psicológicos o emocionales y cambios en la memoria. Conclusiones: el envejecimiento está sujeto a una pérdida progresiva de autonomía y a múltiples problemas de salud. A su vez, a este fenómeno se le pueden añadir unas variables de riesgo que pueden contribuir a una mayor dependencia. Aun así estos cambios, a nivel personal, afectan de forma diferente en las personas.</subfield>
   </datafield>
   <datafield ind1="8" ind2=" " tag="024">
      <subfield code="a">http://hdl.handle.net/20.500.12328/880</subfield>
   </datafield>
   <datafield tag="653" ind2=" " ind1=" ">
      <subfield code="a">Infermeria</subfield>
   </datafield>
   <datafield tag="653" ind2=" " ind1=" ">
      <subfield code="a">Edat avançada</subfield>
   </datafield>
   <datafield tag="653" ind2=" " ind1=" ">
      <subfield code="a">Envelliment</subfield>
   </datafield>
   <datafield tag="653" ind2=" " ind1=" ">
      <subfield code="a">Dependència</subfield>
   </datafield>
   <datafield tag="653" ind2=" " ind1=" ">
      <subfield code="a">Pèrdua d'autonomia</subfield>
   </datafield>
   <datafield tag="653" ind2=" " ind1=" ">
      <subfield code="a">Autonomia</subfield>
   </datafield>
   <datafield tag="653" ind2=" " ind1=" ">
      <subfield code="a">Enfermería</subfield>
   </datafield>
   <datafield tag="653" ind2=" " ind1=" ">
      <subfield code="a">Edad avanzada</subfield>
   </datafield>
   <datafield tag="653" ind2=" " ind1=" ">
      <subfield code="a">Envejecimiento</subfield>
   </datafield>
   <datafield tag="653" ind2=" " ind1=" ">
      <subfield code="a">Dependencia</subfield>
   </datafield>
   <datafield tag="653" ind2=" " ind1=" ">
      <subfield code="a">Pérdida de autonomía</subfield>
   </datafield>
   <datafield tag="653" ind2=" " ind1=" ">
      <subfield code="a">Autonomía</subfield>
   </datafield>
   <datafield tag="653" ind2=" " ind1=" ">
      <subfield code="a">Nursery</subfield>
   </datafield>
   <datafield tag="653" ind2=" " ind1=" ">
      <subfield code="a">Old age</subfield>
   </datafield>
   <datafield tag="653" ind2=" " ind1=" ">
      <subfield code="a">Aging</subfield>
   </datafield>
   <datafield tag="653" ind2=" " ind1=" ">
      <subfield code="a">Dependence</subfield>
   </datafield>
   <datafield tag="653" ind2=" " ind1=" ">
      <subfield code="a">Loss of autonomy</subfield>
   </datafield>
   <datafield tag="653" ind2=" " ind1=" ">
      <subfield code="a">Autonomy</subfield>
   </datafield>
   <datafield ind2="0" ind1="0" tag="245">
      <subfield code="a">Estudio transversal de diseño mixto sobre la percepción de la pérdida de la autonomía y la dependencia en la ancianidad</subfield>
   </datafield>
</record></metadata></record></GetRecord></OAI-PMH>